| 000 | 00000nam##2200000za#4500 |
| 001 | 9.606345 |
| 003 | CaOODSP |
| 005 | 20210624212559 |
| 007 | cr ||||||||||| |
| 008 | 150406|1984||||xxc|||||o f|0| 0 fre|d |
| 022 | |a1488-545X |
| 040 | |aCaOODSP|bfre |
| 043 | |an-cn--- |
| 086 | 1 |aFs97-6/1343F-PDF |
| 110 | 1 |aCanada. |bMinistère des pêches et des océans. |
| 245 | 10|aInfluence de l'acidification sur la survie et le développement des oeufs et des alevins vésiculés d'omble de fontaine Salvelinus fontinalis (Mitchill) dans la région de Charlevoix (Québec) / |h[ressource électronique]|cpar J. Leclerc ...[et al.] |
| 260 | |aQuébec - Québec : |bPêches et Océans Canada |c1984. |
| 300 | |a66p.|bfigures, références, tableaux |
| 490 | 1 |aRapport technique canadien des sciences halieutiques et aquatiques|x1488-545X|vN° 1343 |
| 500 | |aSur la p. de t. : Direction de la recherche sur les Pêches, Cap Diamant, Québec (Québec). Le n° de catalogue et l'ISSN de l'édition imprimée apparaissent dans cette version électronique. |
| 546 | |a(Abstract in English). |
| 590 | |a13-28-Supp|b2013-12-09 |
| 720 | 1 |aLeclerc, J. |
| 830 | #0|aRapport technique canadien des sciences halieutiques et aquatiques,|x1488-545X|vN° 1343|w(CaOODSP)9.500867 |
| 856 | 40|ahttp://publications.gc.ca|qPDF|s1923 Ko|uhttps://publications.gc.ca/collections/collection_2013/mpo-dfo/Fs97-6-1343-fra.pdf|yN° 1343 |